MARC

LEADER 00000nam0a2200000 4500
001 220502
005 20231101230335.0
010 |a 9781843535560 
035 |a (RuTPU)RU\TPU\book\240627 
090 |a 220502 
100 |a 20120827d2005 km y0engy50 ba 
101 0 |a eng 
102 |a GB 
105 |a a z 001zy 
200 1 |a The Rough Guide to iPods, iTunes & Musik Online  |f P. Buckley, D. Clark 
205 |a 2nd ed. 
210 |a London  |c Rough Guides  |d 2005 
215 |a 232 p.  |c il. 
320 |a Index: p. 227-232. 
606 1 |a Информационные технологии  |x Вычислительная техника  |2 stltpush  |3 (RuTPU)RU\TPU\subj\36205  |9 57667 
610 1 |a онлайн-технологии 
610 1 |a музыка 
610 1 |a планшетные компьютеры 
610 1 |a английский язык 
675 |a 681.3.01  |v 3 
675 |a 004  |v 4 
700 1 |a Buckley  |b P.  |g Peter 
701 1 |a Clark  |b D.  |g Duncan 
801 1 |a RU  |b 63413507  |c 20120827 
801 2 |a RU  |b 63413507  |c 20120920  |g RCR 
942 |c BK